Understanding Chinese courts and legal process : law with Chinese characteristics (Record no. 85379)

MARC details
000 -LEADER
fixed length control field 00792nam a2200229Ia 4500
008 - FIXED-LENGTH DATA ELEMENTS--GENERAL INFORMATION
fixed length control field 191130s1997##################000#0#eng##
020 ## - INTERNATIONAL STANDARD BOOK NUMBER
ISBN 9789041106070
082 ## - DEWEY DECIMAL CLASSIFICATION NUMBER
Classification number 347.51 BRO
100 ## - MAIN ENTRY--AUTHOR NAME
Personal name Brown, Ronald C
245 ## - TITLE STATEMENT
Title Understanding Chinese courts and legal process : law with Chinese characteristics
Statement of responsibility, etc by Ronald C. Brown
260 ## - PUBLICATION, DISTRIBUTION, ETC. (IMPRINT)
Place of publication Alphen aan den Rijn, The Netherlands ; Frederick, MD
Name of publisher Kluwer Law International
Year of publication c1997
300 ## - PHYSICAL DESCRIPTION
Number of Pages xxiii, 403 p. : ill. ; 24 cm
500 ## - GENERAL NOTE
General note Includes bibliographical references and index
650 ## - SUBJECT ADDED ENTRY--TOPICAL TERM
Topical Term Courts - China
Topical Term Judicial process - China
Topical Term Justice, Administration of - China
991 ## -
-- 437020
Holdings
Withdrawn status Lost status Damaged status Not for loan Home library Current library Shelving location Date acquired Full call number Accession Number Price effective from Koha item type
        Anna Centenary Library Anna Centenary Library 4TH FLOOR, A WING 09.10.2020 347.51 BRO 441642 09.10.2020 English Books

Find us on the map